[Event "FAI-chT 2122"]
[Site "Faroe Islands"]
[Date "2021.10.03"]
[Round "1.3"]
[White "Eydsteinsson, Silas"]
[Black "Olsen, Alfred A"]
[Result "1-0"]
[WhiteElo "2046"]
[BlackElo "1806"]
[PlyCount "63"]
[EventDate "2021.10.03"]
[EventType "team-tourn"]
[EventRounds "10"]
[EventCountry "FAI"]
[SourceTitle "EXT 2023"]
[Source "ChessBase"]
[SourceDate "2022.10.05"]
[SourceVersion "1"]
[SourceVersionDate "2022.10.05"]
[SourceQuality "1"]
[WhiteTeam "Sandavagur"]
[BlackTeam "Vestmanna"]
[WhiteTeamCountry "FAI"]
[BlackTeamCountry "FAI"]

1. Nf3 Nf6 2. g3 e6 3. Bg2 Be7 4. 0-0 0-0 5. d3 d5 6. Nbd2 c5 7. e4 Nc6 8. Re1 Qc7 9. c3 d4 10. e5 Nd7 11. Qe2 f6 12. exf6 Nxf6 13. c4 Bd7 14. Ng5 e5 15. Nde4 Rae8 16. a3 Nd8 17. Rb1 Nf7 18. Nxf6+ Bxf6 19. Ne4 b5 20. b4 cxb4 21. cxb5 Bxb5 22. Rxb4 Rb8 23. Nxf6+ gxf6 24. Bd5 Kh8 25. Bd2 Qd7 26. Qf3 Kg7 27. Reb1 Rb6 28. a4 Bxd3 29. Rxb6 axb6 30. Rxb6 Bg6 31. Qxf6+ Kg8 32. Bh6 1-0

[Event "FAI-chT 1819"]
[Site "Faroe Islands"]
[Date "2019.02.10"]
[Round "6.2"]
[White "Eydsteinsson, Silas"]
[Black "Olsen, Karsten Kierkegaard"]
[Result "1-0"]
[WhiteElo "2025"]
[BlackElo "1718"]
[PlyCount "121"]
[EventDate "2018.10.28"]
[EventType "team-tourn"]
[EventRounds "10"]
[EventCountry "FAI"]
[SourceTitle "CBM 189 Extra"]
[Source "ChessBase"]
[SourceDate "2019.06.03"]
[SourceVersion "1"]
[SourceVersionDate "2019.06.03"]
[SourceQuality "1"]
[WhiteTeam "Sandavagur"]
[BlackTeam "Kollafjordjur"]
[WhiteTeamCountry "FAI"]
[BlackTeamCountry "FAI"]

1. g3 d5 2. Bg2 Nf6 3. Nf3 c5 4. d3 Nc6 5. Nbd2 e6 6. 0-0 Qc7 7. e4 b5 8. Re1 Be7 9. e5 Nd7 10. Qe2 Nb4 11. Nf1 Bb7 12. c3 Nc6 13. h4 h6 14. N1h2 0-0-0 15. d4 Qb6 16. Be3 Rdg8 17. Ng4 a6 18. Rec1 Kc7 19. b3 Kb8 20. Qb2 cxd4 21. cxd4 Rc8 22. Ngh2 Nb4 23. Ne1 Rxc1 24. Rxc1 Rc8 25. Rxc8+ Bxc8 26. a3 Nc6 27. Bf3 f6 28. exf6 Bxf6 29. Nc2 a5 30. Ng4 Be7 31. b4 a4 32. Ne5 Ncxe5 33. dxe5 Qc7 34. Bd4 Nb6 35. Be2 Nc4 36. Qc3 Bd7 37. Ne1 g5 38. hxg5 Bxg5 39. Nd3 Be7 40. Nf4 Nb6 41. Qa1 Nc4 42. Bg4 Qc8 43. Kg2 Kb7 44. Nd3 Qc7 45. Qc3 Bf8 46. Kh2 Qc8 47. f4 Be7 48. Bf2 Be8 49. Qd4 Kc7 50. Nc5 Bxc5 51. Qxc5+ Kd8 52. Qxc8+ Kxc8 53. Bxe6+ Kc7 54. Bxd5 Nxa3 55. f5 Nc2 56. Bc5 a3 57. f6 Bc6 58. Bb3 Na1 59. Ba2 Be8 60. e6 Kd8 61. f7 1-0

[Event "FAI-chT 1718"]
[Site "Faroe Islands"]
[Date "2018.01.20"]
[Round "5.1"]
[White "Eydsteinsson, Silas"]
[Black "Thorsteinsson, Sjurdur"]
[Result "1/2-1/2"]
[WhiteElo "2057"]
[BlackElo "2187"]
[PlyCount "88"]
[EventDate "2017.10.22"]
[EventType "team-tourn"]
[EventRounds "10"]
[EventCountry "FAI"]
[SourceTitle "EXT 2019"]
[Source "ChessBase"]
[SourceDate "2018.10.10"]
[SourceVersion "1"]
[SourceVersionDate "2018.10.10"]
[SourceQuality "1"]
[WhiteTeam "Sandavagur"]
[BlackTeam "Havnin"]
[WhiteTeamCountry "FAI"]
[BlackTeamCountry "FAI"]

1. Nf3 Nf6 2. g3 g6 3. Bg2 Bg7 4. 0-0 0-0 5. d3 d6 6. e4 c5 7. Nbd2 Nc6 8. c3 e5 9. a4 h6 10. Rb1 Be6 11. Nh4 Nh7 12. Nc4 d5 13. Ne3 dxe4 14. dxe4 Qxd1 15. Rxd1 Bb3 16. Rd7 Na5 17. Rc7 Rac8 18. Rxc8 Rxc8 19. Nd5 Rd8 20. Be3 b6 21. Nf3 Bc2 22. Nd2 Bxb1 23. Nxb1 f6 24. Bf1 Bf8 25. Nd2 Kg7 26. h4 Bd6 27. h5 gxh5 28. Be2 Ng5 29. Bxh5 Ne6 30. Be2 Nc7 31. Nxc7 Bxc7 32. Nf3 Bd6 33. Nh4 Bf8 34. Nf5+ Kh7 35. Kg2 Rd7 36. Kf3 Nb3 37. Kg4 Nd2 38. f3 c4 39. Kh5 Rd8 40. Nh4 Bg7 41. Nf5 Bf8 42. Nh4 Rd7 43. Ng6 Bg7 44. Nh4 Bf8 1/2-1/2

[Event "Kopavogur Baldursson Memorial"]
[Site "Kopavogur"]
[Date "2018.01.06"]
[Round "6"]
[White "Thorhallsson, Simon"]
[Black "Eydsteinsson, Silas"]
[Result "1-0"]
[WhiteElo "2040"]
[BlackElo "2035"]
[PlyCount "75"]
[EventDate "2018.01.04"]
[EventType "swiss"]
[EventRounds "7"]
[EventCountry "ISL"]
[SourceTitle "CBM 182 Extra"]
[Source "ChessBase"]
[SourceDate "2018.02.23"]
[SourceVersion "1"]
[SourceVersionDate "2018.02.23"]
[SourceQuality "1"]

1. d4 Nf6 2. c4 g6 3. f3 Bg7 4. e4 d6 5. Nc3 0-0 6. Be3 c5 7. Nge2 Nc6 8. d5 Ne5 9. Ng3 h5 10. Be2 e6 11. 0-0 exd5 12. cxd5 Nh7 13. Qd2 h4 14. Nh1 f5 15. Nf2 a6 16. a4 Qf6 17. f4 Nf7 18. e5 dxe5 19. Bxc5 exf4 20. Bxf8 Bxf8 21. Qxf4 Bd6 22. Qd2 Qe5 23. Rfe1 Qxh2+ 24. Kf1 Nhg5 25. Bf3 Bd7 26. Re6 Nxe6 27. dxe6 Bxe6 28. Re1 Bc4+ 29. Be2 Bxe2+ 30. Qxe2 Ne5 31. Qd2 h3 32. Qd5+ Kg7 33. Qxb7+ Nf7 34. Qxa8 Bc5 35. Ncd1 Ng5 36. gxh3 Ne4 37. Rxe4 fxe4 38. Qb7+ 1-0

[Event "FAI-chT 1718"]
[Site "Faroe Islands"]
[Date "2017.12.03"]
[Round "2.1"]
[White "Berg, Margar"]
[Black "Eydsteinsson, Silas"]
[Result "1-0"]
[WhiteElo "1743"]
[BlackElo "2057"]
[PlyCount "89"]
[EventDate "2017.10.22"]
[EventType "team-tourn"]
[EventRounds "10"]
[EventCountry "FAI"]
[SourceTitle "EXT 2019"]
[Source "ChessBase"]
[SourceDate "2018.10.10"]
[SourceVersion "1"]
[SourceVersionDate "2018.10.10"]
[SourceQuality "1"]
[WhiteTeam "Havnin II"]
[BlackTeam "Sandavagur"]
[WhiteTeamCountry "FAI"]
[BlackTeamCountry "FAI"]

1. d4 f5 2. Bf4 d6 3. Nd2 Nf6 4. e3 g6 5. Ngf3 Bg7 6. Bd3 0-0 7. 0-0 Qe8 8. c3 Nc6 9. Bb5 Bd7 10. Bg5 a6 11. Ba4 e6 12. Bxf6 Bxf6 13. e4 f4 14. Bxc6 Bxc6 15. e5 Bg7 16. Qb3 b5 17. Rfe1 Bd5 18. Qa3 Qc6 19. Rac1 dxe5 20. dxe5 Rf7 21. b3 Bf8 22. Qb2 Qb6 23. Ne4 Bxe4 24. Rxe4 Rd8 25. Rd4 Rfd7 26. Qd2 Rxd4 27. cxd4 c5 28. Qxf4 Be7 29. dxc5 Bxc5 30. Qh4 Rd7 31. h3 Be7 32. Ng5 Bxg5 33. Qxg5 Rf7 34. Qg3 Qa5 35. Rc2 Qe1+ 36. Kh2 Qe4 37. Rc8+ Kg7 38. Re8 Qc6 39. Rd8 Qc2 40. Rd6 Qxa2 41. Rxe6 a5 42. Rb6 Qe2 43. e6 Re7 44. Qc3+ Kh6 45. Qf6 1-0

[Event "EU Small Countries ol 5th"]
[Site "Andorra"]
[Date "2017.11.15"]
[Round "5.2"]
[White "Kahn, Tito"]
[Black "Eydsteinsson, Silas"]
[Result "1/2-1/2"]
[WhiteElo "1869"]
[BlackElo "2059"]
[PlyCount "96"]
[EventDate "2017.11.12"]
[EventType "team-tourn"]
[EventRounds "9"]
[EventCountry "AND"]
[SourceTitle "CBM 181 Extra"]
[Source "ChessBase"]
[SourceDate "2017.12.12"]
[SourceVersion "1"]
[SourceVersionDate "2017.12.12"]
[SourceQuality "1"]
[WhiteTeam "Jersey"]
[BlackTeam "Faroe Islands"]
[WhiteTeamCountry "GCI"]
[BlackTeamCountry "FAI"]

1. Nf3 f5 2. d4 Nf6 3. c4 d6 4. Nc3 g6 5. g3 Bg7 6. Bg2 0-0 7. Bg5 Qe8 8. Bxf6 Bxf6 9. Nd5 Na6 10. Nxf6+ Rxf6 11. d5 c5 12. 0-0 b5 13. b3 Rb8 14. cxb5 Rxb5 15. Qd2 Nc7 16. Qh6 Qf8 17. Qxf8+ Kxf8 18. Ng5 Kg7 19. h4 Bb7 20. Rad1 Rb6 21. Nh3 Nb5 22. Rd2 Rf8 23. Rc1 Ra8 24. Nf4 Bc8 25. e3 a5 26. Bf1 Nc7 27. Bc4 a4 28. Kf1 Ba6 29. bxa4 Rb4 30. Bxa6 Rxa6 31. Rcc2 Rbxa4 32. Rb2 Ra7 33. Ke2 Na6 34. f3 Nb4 35. g4 fxg4 36. fxg4 Nxa2 37. Rb8 Ra8 38. Rxa8 Rxa8 39. h5 Nb4 40. hxg6 hxg6 41. g5 Ra2 42. Rxa2 Nxa2 43. Kd3 Nb4+ 44. Kc4 Kf7 45. Ne6 Nc2 46. Kd3 Na3 47. Nc7 Kf8 48. Kc3 Kf7 1/2-1/2

[Event "FAI-chT 1718"]
[Site "Faroe Islands"]
[Date "2017.10.22"]
[Round "1.1"]
[White "Eydsteinsson, Silas"]
[Black "Joensen, Jakup F"]
[Result "1-0"]
[WhiteElo "2057"]
[BlackElo "1662"]
[PlyCount "103"]
[EventDate "2017.10.22"]
[EventType "team-tourn"]
[EventRounds "10"]
[EventCountry "FAI"]
[SourceTitle "EXT 2019"]
[Source "ChessBase"]
[SourceDate "2018.10.10"]
[SourceVersion "1"]
[SourceVersionDate "2018.10.10"]
[SourceQuality "1"]
[WhiteTeam "Sandavagur"]
[BlackTeam "Gota"]
[WhiteTeamCountry "FAI"]
[BlackTeamCountry "FAI"]

1. Nf3 d5 2. g3 c6 3. Bg2 Nf6 4. d3 e6 5. 0-0 Be7 6. Nbd2 0-0 7. e4 dxe4 8. dxe4 Nbd7 9. Qe2 Qc7 10. h3 b5 11. e5 Ne8 12. Re1 Bb7 13. c4 a6 14. b3 Rd8 15. Bb2 g6 16. Ne4 Nc5 17. Nf6+ Kg7 18. Bd4 Nd7 19. Nxd7 Rxd7 20. c5 Kg8 21. b4 Ng7 22. g4 Rfd8 23. Red1 a5 24. a3 a4 25. Rd2 Ne8 26. Rad1 Qc8 27. Bc3 Nc7 28. Bd4 Nd5 29. Qe4 Kg7 30. g5 Rh8 31. Rd3 h6 32. gxh6+ Rxh6 33. Be3 Rh5 34. Nh2 Qh8 35. Ng4 Rh4 36. Bd4 Rd8 37. Rf3 Qf8 38. Rdd3 Qg8 39. Bb2 Qh8 40. Bc1 Qf8 41. Rg3 Nc7 42. Rd6 Nd5 43. Qd3 Rh5 44. f4 Bxd6 45. exd6 Bc8 46. Ne5 Rf5 47. Bxd5 cxd5 48. Bb2 Kh7 49. Rg4 Qh6 50. Qg3 Rf8 51. Rh4 Rh5 52. Ng4 1-0

[Event "FAI-chT 1617"]
[Site "Faroe Islands"]
[Date "2017.01.15"]
[Round "4.4"]
[White "Eydsteinsson, Silas"]
[Black "Nolsoe, Rani"]
[Result "0-1"]
[WhiteElo "2066"]
[BlackElo "2080"]
[PlyCount "92"]
[EventDate "2016.10.23"]
[EventType "team-tourn"]
[EventRounds "10"]
[EventCountry "FAI"]
[SourceTitle "EXT 2020"]
[Source "ChessBase"]
[SourceDate "2019.10.17"]
[SourceVersion "1"]
[SourceVersionDate "2019.10.17"]
[SourceQuality "1"]
[WhiteTeam "Sandavagur"]
[BlackTeam "Klaksvik"]
[WhiteTeamCountry "FAI"]
[BlackTeamCountry "FAI"]

1. e4 e5 2. Nf3 d6 3. Bc4 Be7 4. d4 exd4 5. Nxd4 Nf6 6. Nc3 0-0 7. 0-0 Re8 8. h3 Bf8 9. Re1 c6 10. a4 Nbd7 11. Nb3 d5 12. exd5 Rxe1+ 13. Qxe1 Nb6 14. Bd3 Nbxd5 15. Nxd5 Qxd5 16. Be3 Bf5 17. Bxf5 Qxf5 18. c4 Qc2 19. Qc3 Qxc3 20. bxc3 Ne4 21. Rd1 Nxc3 22. Rd7 Nxa4 23. Rxb7 a5 24. Bd4 Bb4 25. Kf1 c5 26. Be3 h6 27. Ke2 Nc3+ 28. Kf3 Rc8 29. Na1 Rc6 30. Nc2 Rf6+ 31. Kg4 Ne4 32. Nxb4 axb4 33. Rb8+ Kh7 34. f3 Rg6+ 35. Kf4 Nf6 36. Rb7 Rxg2 37. Bxc5 Nh5+ 38. Ke3 Rc2 39. Rxb4 Rc3+ 40. Ke4 Nf6+ 41. Kf4 g5+ 42. Ke5 Rxf3 43. Be7 Kg7 44. c5 Re3+ 45. Kd6 Rxe7 46. Kxe7 Nd5+ 0-1

[Event "Runavik op"]
[Site "Runavik"]
[Date "2016.11.26"]
[Round "7"]
[White "Eydsteinsson, Silas"]
[Black "Nielsen, Rogvi Egilstoft"]
[Result "0-1"]
[WhiteElo "2066"]
[BlackElo "2347"]
[PlyCount "108"]
[EventDate "2016.11.21"]
[EventType "swiss"]
[EventRounds "9"]
[EventCountry "FAI"]
[SourceTitle "CBM 175 Extra"]
[Source "ChessBase"]
[SourceDate "2016.12.12"]
[SourceVersion "1"]
[SourceVersionDate "2016.12.12"]
[SourceQuality "1"]

1. e4 e5 2. Nf3 Nc6 3. Bc4 Nf6 4. d3 Bc5 5. 0-0 d6 6. a4 a6 7. c3 Ba7 8. a5 h6 9. Qb3 0-0 10. h3 Ne7 11. Re1 Ng6 12. d4 Nh5 13. Be3 Qf6 14. Nbd2 Ngf4 15. Kh2 g5 16. g4 Ng7 17. Rg1 b5 18. axb6 Bxb6 19. dxe5 dxe5 20. Bxb6 cxb6 21. Bd5 Rb8 22. c4 Ne2 23. Rge1 Nd4 24. Nxd4 Qxf2+ 25. Kh1 exd4 26. Qd3 Ne6 27. Bxe6 fxe6 28. Re2 Qf6 29. Rf1 Qg7 30. Rxf8+ Kxf8 31. Nf3 e5 32. Qa3+ Qe7 33. Nxe5 Qxa3 34. bxa3 Be6 35. Nc6 Rb7 36. Nxd4 Bxc4 37. Rf2+ Rf7 38. Nf5 Be6 39. Kg2 Bxf5 40. gxf5 Rc7 41. e5 Rc4 42. e6 Rc5 43. f6 Re5 44. e7+ Kf7 45. Kg3 h5 46. Rf3 b5 47. Kf2 a5 48. Kg2 Re2+ 49. Kf1 Re4 50. Kf2 Rf4 51. Rxf4 gxf4 52. Kf3 b4 53. axb4 axb4 54. Kxf4 b3 0-1

[Event "Runavik op"]
[Site "Runavik"]
[Date "2016.11.24"]
[Round "5"]
[White "Apol, Luitjen Akselsson"]
[Black "Eydsteinsson, Silas"]
[Result "0-1"]
[WhiteElo "1403"]
[BlackElo "2066"]
[PlyCount "66"]
[EventDate "2016.11.21"]
[EventType "swiss"]
[EventRounds "9"]
[EventCountry "FAI"]
[SourceTitle "CBM 175 Extra"]
[Source "ChessBase"]
[SourceDate "2016.12.12"]
[SourceVersion "1"]
[SourceVersionDate "2016.12.12"]
[SourceQuality "1"]

1. e4 e5 2. Nc3 Nc6 3. Bc4 Nf6 4. d3 Na5 5. Bb3 Nxb3 6. axb3 d6 7. f4 exf4 8. Bxf4 Be7 9. Nf3 0-0 10. 0-0 Be6 11. Qd2 h6 12. Rfe1 Nh7 13. d4 Bg4 14. Qd3 c6 15. d5 Bxf3 16. Qxf3 Nf6 17. dxc6 bxc6 18. Rad1 Qb6+ 19. Be3 Qb7 20. Qg3 Kh8 21. e5 dxe5 22. Qxe5 Ng4 23. Qe4 Nxe3 24. Qxe3 Bf6 25. Qh3 Rad8 26. Qf3 Qb6+ 27. Kh1 Kg8 28. Rxd8 Rxd8 29. Qg4 Bxc3 30. bxc3 Qf2 31. Qe4 Rd2 32. Qe8+ Kh7 33. Qe4+ f5 0-1

[Event "FAI-chT2 1415"]
[Site "Faroe Islands"]
[Date "2015.01.24"]
[Round "8.2"]
[White "Jacobsen, John"]
[Black "Eydsteinsson, Silas"]
[Result "0-1"]
[WhiteElo "1826"]
[BlackElo "1681"]
[PlyCount "54"]
[EventDate "2014.10.26"]
[EventType "team-tourn"]
[EventRounds "10"]
[EventCountry "FAI"]
[SourceTitle "EXT 2019"]
[Source "ChessBase"]
[SourceDate "2018.10.10"]
[SourceVersion "1"]
[SourceVersionDate "2018.10.10"]
[SourceQuality "1"]
[WhiteTeam "Vestmanna"]
[BlackTeam "Sandavagur II"]
[WhiteTeamCountry "FAI"]
[BlackTeamCountry "FAI"]

1. Nf3 Nf6 2. g3 g6 3. Bg2 Bg7 4. 0-0 0-0 5. c4 d6 6. d4 c6 7. Nc3 Nbd7 8. e4 e5 9. Bg5 Qc7 10. Rc1 Re8 11. Qd2 a5 12. Rfd1 exd4 13. Nxd4 Nc5 14. f3 a4 15. Be3 h5 16. Nde2 Be6 17. Qxd6 Qxd6 18. Rxd6 Ncd7 19. Rcd1 Bf8 20. R6d2 Ne5 21. Bd4 Nfd7 22. Bf2 Nc5 23. f4 Nxc4 24. Rc2 Red8 25. Rdc1 Nd3 26. Rb1 Nxf2 27. Kxf2 Bc5+ 0-1